00675nam a2200241 a 4500001001300000003000900013005001700022008004100039020002200080082001500102100001800117245001200135260004500147300000900192500003500201505002000236650001600256700001800272902000800290942000700298952011300305999001500418nice12345678IN_TiNIC20260116012224.0050524s1978 dela grp 000 0 eng  a0706970 c2500a923.2bNAY aNayar, Kuldip aIn Jail aDelhi bVikas Pub House Pvt. Ltd. c1978 a152p aincludes index and biblioraphy2 aappendix, index aKuldi Nayar1 aNayar, Kuldip bSRS cBK 001040708StackRoom-aHMIbHMId2007-06-06g25.00l0o923.2 NAYp09033r2007-06-06v25.00w2005-05-24yBK c6146d6146